Marvel Movie Team Members Quiz Stats

 Plays Quiz Updated Apr 28, 2019

Score 0/25 Timer 05:00
2 Plays Today
Question Answer Wrong Answers
Captain America The Avengers
97.4%
The Fantastic Four
0.2%
The Guardians of the Galaxy
0.1%
The X-Men
0.1%
Iron Man The Avengers
97.4%
The Fantastic Four
0.2%
The Guardians of the Galaxy
0.1%
The X-Men
0.2%
The Incredible Hulk The Avengers
97%
The Fantastic Four
0.4%
The Guardians of the Galaxy
0.1%
The X-Men
0.2%
Ant-Man The Avengers
96.8%
The Fantastic Four
0.3%
The Guardians of the Galaxy
0.4%
The X-Men
0.4%
Black Widow The Avengers
96.4%
The Fantastic Four
0.3%
The Guardians of the Galaxy
0.3%
The X-Men
0.8%
Groot The Guardians of the Galaxy
96.2%
The Avengers
1.1%
The Fantastic Four
0.3%
The X-Men
0.2%
Rocket Raccoon The Guardians of the Galaxy
96.2%
The Avengers
1.2%
The Fantastic Four
0.3%
The X-Men
0.2%
Hawkeye The Avengers
96%
The Fantastic Four
0.4%
The Guardians of the Galaxy
0.4%
The X-Men
1%
Wolverine The X-Men
95.8%
The Avengers
1.1%
The Fantastic Four
0.8%
The Guardians of the Galaxy
0.1%
Mr. Fantastic The Fantastic Four
95.7%
The Avengers
0.4%
The Guardians of the Galaxy
0.3%
The X-Men
1.3%
Star-Lord The Guardians of the Galaxy
95.6%
The Avengers
1%
The Fantastic Four
0.5%
The X-Men
0.7%
Professor X The X-Men
95.5%
The Avengers
0.4%
The Fantastic Four
1.6%
The Guardians of the Galaxy
0.2%
Gamora The Guardians of the Galaxy
94.7%
The Avengers
1.8%
The Fantastic Four
0.4%
The X-Men
0.9%
Drax the Destroyer The Guardians of the Galaxy
94.1%
The Avengers
1.2%
The Fantastic Four
1.1%
The X-Men
1.4%
Human Torch The Fantastic Four
92.4%
The Avengers
0.5%
The Guardians of the Galaxy
0.4%
The X-Men
4.5%
Cyclops The X-Men
91.4%
The Avengers
0.9%
The Fantastic Four
4.6%
The Guardians of the Galaxy
0.9%
Falcon The Avengers
90.6%
The Fantastic Four
1%
The Guardians of the Galaxy
1.2%
The X-Men
5%
The Thing The Fantastic Four
90.6%
The Avengers
0.5%
The Guardians of the Galaxy
0.7%
The X-Men
6%
Storm The X-Men
90.3%
The Avengers
1%
The Fantastic Four
6.1%
The Guardians of the Galaxy
0.5%
Jean Grey The X-Men
90%
The Avengers
1.3%
The Fantastic Four
5.7%
The Guardians of the Galaxy
0.7%
The Invisible Woman The Fantastic Four
89.6%
The Avengers
0.8%
The Guardians of the Galaxy
0.3%
The X-Men
7.2%
Colossus The X-Men
86.7%
The Avengers
1.6%
The Fantastic Four
7.2%
The Guardians of the Galaxy
2.1%
Banshee The X-Men
86.2%
The Avengers
1.9%
The Fantastic Four
6.1%
The Guardians of the Galaxy
3.5%
Mantis The Guardians of the Galaxy
85.1%
The Avengers
4.3%
The Fantastic Four
1.5%
The X-Men
7.1%
Iceman The X-Men
81.8%
The Avengers
1.4%
The Fantastic Four
14.1%
The Guardians of the Galaxy
0.6%

You're not logged in!

Compare scores with friends on all Sporcle quizzes.
OR
Log In

Sporcle TV

Today on Sporcle TV


Watch our educational content, quiz creation guides, and fun videos on Sporcle TV.

Show Comments

Extras

Top Quizzes Today


Score Distribution

Your Account Isn't Verified!

In order to create a playlist on Sporcle, you need to verify the email address you used during registration. Go to your Sporcle Settings to finish the process.

Report this User

Report this user for behavior that violates our Community Guidelines.

Details: